000 00570nam a2200193Ia 4500
003 GCL
008 140319s9999 xx 000 0 ara d
040 _aGCL /
_cGCL
082 0 4 _a274.8843
_bا ن
100 1 _aالياس مقار
245 1 0 _aنساء الكتاب المقدس /
_cالياس مقار
260 _a[S.N] :
_bدار الثقافة العربية ،
_c1988
300 _a308 ص
650 0 4 _aالعهد الجديد
650 0 4 _aالانجيل
650 0 4 _aالدين المسيحى
650 0 4 _aالنساء - تراجم
942 _2ddc
_cBK
999 _c58473
_d58473